Appliations of genome characterization (Record no. 759832)

MARC details
000 -LEADER
fixed length control field 00331nam a22001337a 4500
020 ## - INTERNATIONAL STANDARD BOOK NUMBER
ISBN 9789384568085
082 ## - DEWEY DECIMAL CLASSIFICATION NUMBER
Classification number 572.86
Item number VEE.A
100 ## - MAIN ENTRY--AUTHOR NAME
Personal name Veena kumari
245 ## - TITLE STATEMENT
Title Appliations of genome characterization
260 ## - PUBLICATION, DISTRIBUTION, ETC. (IMPRINT)
Place of publication New Delhi
Name of publisher Agrotech press
Year of publication 2025
300 ## - PHYSICAL DESCRIPTION
Number of Pages 256p.
942 ## - ADDED ENTRY ELEMENTS (KOHA)
Source of classification or shelving scheme Dewey Decimal Classification
Koha item type Book
Holdings
Withdrawn status Lost status Source of classification or shelving scheme Damaged status Not for loan Collection code Home Library Current Location Shelving location Date acquired Full call number Accession Number Price effective from Koha item type
    Dewey Decimal Classification     Text Book Campus Library Kariavattom Campus Library Kariavattom Children's Area 24/05/2026 572.86 VEE.A UCL35568 25/05/2026 Book